Can You Name All The Characteristics Of Lou From Brawl Stars? - Statistics

General Stats
  • This quiz has been taken 2 times
  • The average score is 7 of 15
Answer Stats
Hint Answer % Correct
Rarity Mythic
100%
Trio Snowtel
100%
Attack Brain Freeze
50%
Prestige Title Brainfreeze
50%
Class Controller
50%
Gadgets Ice Block
50%
Title Is Here For You
50%
Buffies No
50%
Trait No
50%
Hypercharge Slushie Storm
50%
Star Power Supercool
50%
Super Can-Do
0%
Gadgets Cryo Syrup
0%
Star Power Hypothermia
0%
Voice Actor John Mondelli
0%
No matching quizzes found
Score Distribution
Percent of People with Each Score
Percentile by Number Answered
Your Score History
You have not taken this quiz